| 000 | 00603nam a22001697a 4500 | ||
|---|---|---|---|
| 005 | 20090317152731.0 | ||
| 008 | 090317t xxu||||| |||| 00| 0 eng d | ||
| 022 | _a0253-1496 | ||
| 245 | _aAgricultural reviews | ||
| 260 |
_aKarnal _bAgricultural Research Communication Center _c2008 |
||
| 300 |
_av. _c24 cm |
||
| 310 | _aIrregular | ||
| 650 | _aAgriculture | ||
| 270 |
_a1130, Sadar Bazar _bHisar, Karnal _e132001 _k0184-2255080 _marccgoel@yahoo.co.in |
||
| 942 |
_2ddc _cSR _h630 _mAGR _s1 |
||
| 999 |
_c25311 _d25311 |
||